| 000 | 00690nam a22001577a 4500 | ||
|---|---|---|---|
| 003 | OSt | ||
| 005 | 20151205160747.0 | ||
| 008 | 151205b xxu||||| |||| 00| 0 eng d | ||
| 040 | _cRUA | ||
| 082 | _aFIS ជ័យ 1990 B188 Or.1 | ||
| 100 |
_94359 _aជ័យ សេដ្ឋា |
||
| 245 | _aសិក្សាស្រាវជ្រាវឥទ្ធិពលនៃប្រព័ន្ធបាញ់ប្រេងទៅលើថាមពលរបស់ត្រាក់ទ័រ MT3-80 និង វិភាគលើនិយត្នករ នៃការព្រួសប្រេង. | ||
| 260 |
_aPhnom Penh _bRUA _c1990 |
||
| 300 |
_a120p. _bill. _c29cm. |
||
| 942 |
_2ddc _cATM |
||
| 999 |
_c4063 _d4063 |
||